Manifiesto del Frente Domocrático contra la Represión

Saved in:
Bibliographic Details
Corporate Author: Frente Democrático contra la Represión (Guatemala)
Format: Text
Published: Heredia: CEDAL
Tags: Add Tag
No Tags, Be the first to tag this record!

MARC

LEADER 00000 a a2200000 04500
001 15505
003
040
090 |a 019300  
110 |a Frente Democrático contra la Represión (Guatemala)  
245 |a Manifiesto del Frente Domocrático contra la Represión  
260 |a Heredia:   |b CEDAL  
300 |a 8 p.  
999 |c 7510  |d 7510